000 00413nam a2200145Ia 4500
008 220216s9999 xx 000 0 und d
100 _aTangpakdee Jitladd
245 0 _aNovel method for preparation of low molecular weight natural rubber latex
260 _bRubber Chemistry and Technology
_c1998
300 _a795-802
700 _aEndo Akiko
700 _aMizokoshi Megumi
700 _aTanaka
942 _cJS
999 _c64100
_d64100